Normal view
MARC view
- Conferencia Internacional sobre Evaluación y Mitigación de los Riesgos Sísmicos
Entry Nombre de Reunión
001 - NÚMERO DE CONTROL
- campo de control: 41208
003 - IDENTIFICADOR DE NÚMERO DE CONTROL
- campo de control: UPN
005 - FECHA Y HORA DE LA ÚLTIMA TRANSACCIÓN
- campo de control: 20210219194605.0
008 - DATOS DE LONGITUD FIJA
- campo de control de longitud fija: nabaccnnaabn|||||||||| b |nc|||||d
035 ## - NÚMERO DE CONTROL
- Número de control: UPN11000013315
040 ## - FUENTE DE CATALOGACIÓN
- Lenguaje de catalogación: SPA
- Agencia transcribió: UPN
111 2# - ENCABEZAMIENTO - NOMBRE DE REUNIÓN
- Nombre de reunión o de jurisdicción: Conferencia Internacional sobre Evaluación y Mitigación de los Riesgos Sísmicos
- Fecha de la reunión : (1976 :
- Lugar de la reunión: París)
670 ## - FUENTE EN LA QUE SE LOCALIZARON DATOS
- Cita de la fuente: T
- Información localizada: Terremotos : evaluación y mitigación de su peligrosidad
902 ## - CATALOGADOR
- Catalogador: CAA/220318
